drapeaux du monde - Statistiques

Statistiques générales
  • Ce quiz a été pris 384 fois
  • Le résultat moyen est 21 sur 29
Statistiques - réponses
Par images Réponse % Correct
allemagne
99%
argentine
97%
albanie
95%
australie
94%
belgique
94%
arabie saoudite
91%
brésil
90%
autriche
86%
andorre
84%
bangladesh
78%
arménie
77%
bulgarie
75%
Afghanistan
74%
biélorussie
74%
bosnie-herzégovine
72%
bhoutan
67%
azerbaïdjan
66%
barbade
66%
bahrein
64%
bahamas
58%
burkina-faso
58%
bénin
56%
bélize
55%
birmanie
53%
botswana
52%
antigua et barbuda
50%
bolivie
50%
brunei
48%
burundi
47%
Aucun quiz correspondant
Distribution des résultats
% des personnes avec chaque résultat
Percentile par nombre de réponses
Votre historique - résultats
Vous n’avez pas pris ce quiz